Estetické aspekty socialistického spôsobu života

Bibliographic Details
Main Author: Zika, Dušan (Author)
Format: Article
Language:Slovak
Subjects:

MARC

LEADER 00000nab a2200000 a 4500
001 vtls000026815
003 SK-MaSNL
005 20260304062125.0
008 250422c1979 xo 0 slo
015 |a SNBRB19rr/mm-uuuuu 
035 |a CL0036909 
035 |a urn:nbn:sk:snk-abqb 
035 |a (urnnbn)urn:nbn:sk:snk:ar-0054ce 
035 |a (uuid)23c107ef-1368-448c-b3fa-aa5f45c72804 
040 |a SNKBUCL  |b slo  |c SNKBUCL  |e AACR2 
041 0 |a slo 
044 |a xo  |c SK 
080 |a 308  |2 1981 
080 |a 7  |2 1981 
100 1 |a Zika, Dušan  |4 aut  |9 1331569 
245 1 0 |a Estetické aspekty socialistického spôsobu života  |c Dušan Zika 
650 0 7 |a spôsob života  |2 snkbucl  |9 273332 
650 0 7 |a estetika  |2 snkbucl  |9 791 
650 0 7 |a umenie súčasné  |2 snkbucl  |9 1000806 
655 7 |a články z novín a časopisov  |2 snkbucl  |9 267496 
773 0 |t Výtvarný život  |g Roč. 24, č. 3 (1979), s. 23-24 
850 |a Slovenská národná knižnica 
852 |a Slovenská národná knižnica 
954 |a odborná, vedecká literatúra pôvodná (slovenská)  |2 lita 
958 |a article27 
958 |a RK 
958 |a OND 
958 |a EUIPO 
992 |a RBX 
999 |c 2736600  |d 2738530